000 00452nam a2200181Ia 4500
001 20715
005 20260306172826.0
008 260306t2022||||xx |||||||||||||| ||spa||
041 _aESP
082 _a343.7
_bJ24
100 _aJara Bautista, José Luis
_eAUT
245 0 _aPrincipios del derecho administrativo sancionador
260 _c2022
300 _a127 páginas :
_c24 cm.
650 _aGEN
654 _aCDE
942 _cLIB
_dJUS
_fJUS
_2ddc
_n
999 _c20715
_d20715